01314nam a2200385Ia 4500003000400000005001700004008004100021020001800062040001800080041000800098082002100106100002300127245006100150250001200211260005500223300001700278650002500295650002500320650002300345650003800368650004900406650003200455650004800487650003600535650002000571650002200591650001900613650002400632650002800656650003100684650002200715942003000737999001900767952014200786OSt20221123103723.0210716s2015 xx 000 0 und d a9788126549306 cAIMIT LIBRARY aeng a153.94 21bANAP aAnand, P A.963337 aQuantitative aptitude : bFor competitive examinations / a1st ed. aNew Delhi :bWiley Quantitative Aptitude , c2015. axxiii, 384p, aAptitude Test963338 aNumber System963339 aPercentages963340 aProfit , Loss and Discount963341 aSimple Interest and Compound Interest963342 aRatio and Proportion963343 aAlligation , Mixtures and Solutions 963344 aTime, Speed and Distance963345 aCalendar963346 aLogarithms963347 aIndices963348 aMensuration 963349 aData Sufficiency963350 aData Interpretation963351 aMock Tests963352 2ddccBKe1stk153.94 ANAP c197305d197305 001040708MCAaAIMITbAIMITeKnowledge Worldg599.00l1o153.94 ANAPpMCA16820r2026-05-23 00:00:00s2024-11-13v449.25w2021-07-16yBK